| 000 | 00439nam a22001457a 4500 | ||
|---|---|---|---|
| 003 | MACL | ||
| 005 | 20181227153942.0 | ||
| 008 | 181227b xxu||||| |||| 00| 0 eng d | ||
| 040 | _c MACL, | ||
| 100 |
_aसुबीर , पंकज _973531 |
||
| 245 | _aकसाब . गांधी @ यरवदा . in | ||
| 260 |
_aसीहाेर _bशिवना _c2015 |
||
| 650 |
_aकहानियॉं _973532 |
||
| 942 |
_2ddc _cHIN |
||
| 999 |
_c58810 _d58810 |
||